[Event "Stuttgart-chB op"]
[Site "Ditzingen"]
[Date "2015.05.16"]
[Round "5"]
[White "Hoch, Jannik"]
[Black "Hirtreiter, Norbert"]
[Result "1/2-1/2"]
[WhiteElo "1325"]
[BlackElo "1531"]
[PlyCount "83"]
[EventDate "2015.05.17"]
[EventType "swiss"]
[EventRounds "7"]
[EventCountry "GER"]
[SourceTitle "EXT 2018"]
[Source "ChessBase"]
[SourceDate "2017.10.13"]
[SourceVersion "1"]
[SourceVersionDate "2017.10.13"]
[SourceQuality "1"]

1. e4 e5 2. Nf3 Nc6 3. d4 Nf6 4. Bg5 Be7 5. Bxf6 Bxf6 6. d5 Nd4 7. Nxd4 exd4 8. f4 d6 9. Nd2 Bd7 10. Nf3 Qe7 11. Qd3 a6 12. Nxd4 Bb5 13. c4 Bd7 14. Be2 0-0 15. Rb1 Rfe8 16. Bf3 c6 17. 0-0 c5 18. Nc2 g6 19. Kh1 b5 20. b3 Qd8 21. g4 h6 22. h3 Bh4 23. Bg2 b4 24. Qf3 Kg7 25. g5 h5 26. Ne3 Rf8 27. Kh2 f6 28. gxf6+ Bxf6 29. Rg1 Ra7 30. Kh1 Bg5 31. f5 Bxe3 32. Qxe3 Be8 33. Bf3 Qh4 34. Rg2 Qxh3+ 35. Kg1 Qh4 36. Rbb2 Rf6 37. Rh2 Qg3+ 38. Rbg2 Qe5 39. Rxh5 Kf8 40. Qh6+ Rg7 41. Qh8+ Rg8 42. Qh6+ 1/2-1/2

[Event "Stuttgart-chB op"]
[Site "Ditzingen"]
[Date "2015.05.15"]
[Round "4"]
[White "Hirtreiter, Norbert"]
[Black "Ustaosman, Hasan"]
[Result "0-1"]
[WhiteElo "1531"]
[BlackElo "1145"]
[PlyCount "71"]
[EventDate "2015.05.17"]
[EventType "swiss"]
[EventRounds "7"]
[EventCountry "GER"]
[SourceTitle "EXT 2018"]
[Source "ChessBase"]
[SourceDate "2017.10.13"]
[SourceVersion "1"]
[SourceVersionDate "2017.10.13"]
[SourceQuality "1"]

1. d4 d5 2. Nc3 Nc6 3. Bf4 Bf5 4. Nf3 Rc8 5. e3 Nf6 6. Bb5 Bd7 7. 0-0 e6 8. a3 Be7 9. Re1 0-0 10. Ne2 Ne4 11. c4 a6 12. Ba4 dxc4 13. Bc2 Nd6 14. Nc3 f5 15. d5 Na5 16. a4 Bf6 17. Bxd6 cxd6 18. b3 Bxc3 19. Re2 Bxa1 20. Qxa1 cxb3 21. Bd3 e5 22. g3 e4 23. Nd4 exd3 24. Rb2 Rc5 25. Nxb3 Nxb3 26. Rxb3 Qc7 27. Qb2 Rc2 28. Qd4 d2 29. Rd3 Rc4 30. Qb2 Rc1+ 31. Kg2 d1Q 32. Rxd1 Rxd1 33. Qe2 Rxd5 34. e4 Re5 35. Qa2+ Be6 36. Qb2 0-1